000 00794nam a2200241 a 4500
001 1412
003 BR-CuiBMT
005 20231207001226.0
008 231113s2009 dfb 000 0 por d
040 _aBR-CuiBMT
_cBR-CuiBMT
080 _22007
_a366.5
_x(094.5)
090 _a366.5(094.5)
_bB823c
110 _aBrasil.
_bSenado Federal.
_cBrasília.
240 1 _aCódigo de proteção e defesa do consumidor (1990)
245 0 0 _aCódigo de proteção e defesa do consumidor e legislação correlata /
_cGilberto Goellner.
260 _aBrasília :
_bSenado Federal,
_c2009.
300 _a100p. ;
_c23 cm
504 _aInclui índice.
650 _aConsumidores
_xProteção legal
_zBrasil
650 _aDefesa do consumidor
_zBrasil
700 1 _aGoellner, Gilberto
_d1947-
942 _2udc
_cLV
999 _c1412
_d1412